Filters and drainage in geotechnical and environmental engineering (Record no. 1666)

000 -LEADER
fixed length control field 00607nam a22002057a 4500
001 - CONTROL NUMBER
control field 1666
003 - CONTROL NUMBER IDENTIFIER
control field BD-DhUET
008 - FIXED-LENGTH DATA ELEMENTS--GENERAL INFORMATION
fixed length control field 160404b xxu||||| |||| 00| 0 eng d
020 ## - INTERNATIONAL STANDARD BOOK NUMBER
International Standard Book Number 9058091465
040 ## - CATALOGING SOURCE
Transcribing agency 0
Modifying agency BD-DhUET
082 ## - DEWEY DECIMAL CLASSIFICATION NUMBER
Classification number 628.352
Item number INT/2000
111 ## - MAIN ENTRY--MEETING NAME
Meeting name or jurisdiction name as entry element International Conference on Geofilters 2000
245 ## - TITLE STATEMENT
Title Filters and drainage in geotechnical and environmental engineering
260 ## - PUBLICATION, DISTRIBUTION, ETC. (IMPRINT)
Place of publication, distribution, etc. Rotterdam
Name of publisher, distributor, etc. A. A. Balkema
Date of publication, distribution, etc. 2000
300 ## - PHYSICAL DESCRIPTION
Extent xi,396p.
504 ## - BIBLIOGRAPHY, ETC. NOTE
Bibliography, etc Includes bibliographies
650 #0 - SUBJECT ADDED ENTRY--TOPICAL TERM
Topical term or geographic name as entry element Filtration Geotechnical engineering - environment
700 ## - ADDED ENTRY--PERSONAL NAME
Personal name Mlynarek, Jacek
942 ## - ADDED ENTRY ELEMENTS (KOHA)
Koha item type Proceedings
Holdings
Shelving location Lost status Koha normalized classification for sorting Withdrawn status Location (home branch) Koha item type Price effective from Source of classification or shelving scheme Copy number Piece designation (barcode) Sublocation or collection (holding branch) Koha date last seen Koha full call number Not for loan Damaged status Date acquired
Circulation section 628_352000000000000_INT_2000 Central Library, BUETEdited Book2014-09-10 196490Central Library, BUET2014-09-10628.352/INT/2000  2014-09-10
Circulation section 628_000000000000000_352INT2000 Central Library, BUETEdited Book2014-09-10 296491Central Library, BUET2014-09-10628.352/INT/2000  2014-09-10
Circulation section 628_000000000000000_352INT2000 Central Library, BUETEdited Book2014-09-10 396492Central Library, BUET2014-09-10628.352/INT/2000  2014-09-10
Reading section 628_352000000000000_INT_2000 Central Library, BUETProceedings2015-06-29 496489Central Library, BUET2015-06-29628.352/INT/2000  2015-06-29
Reference section 628_352000000000000_INT_2000 Central Library, BUETProceedings2015-11-08 596488Central Library, BUET2015-11-08628.352/INT/2000  2015-11-08